Reason

Detalles Bibliográficos
Formato: Desconocido
Lenguaje:inglés
Publicado: [Escondido, CA, etc.,] : [Reason Foundation, etc.]
Materias:
Acceso en línea:Acceso restringido

MARC

LEADER 00000ny a22000003n 4500
005 2011051100210.0
006 s r p s 0 a0
007 cr cnu---m|a|a
008 741107c19689999us mn1p oj 0 a0eng c
010 |a 74646379 
022 |a 0048-6906 
035 |a 2944 
040 |a EbpS.   |d vLex 
082 |a 300/.5 
090 |c 1648  |d 1648 
245 0 0 |a Reason  |h [Recurso electrn̤ico] 
256 |a Servicio en ln̕ea 
260 |a [Escondido, CA, etc.,] :   |b [Reason Foundation, etc.] 
310 |a Mensual 
506 1 |a Contenido solo disponible en los productos indicados  |d vLex Global  |d vLex Global (Academic Edition, excluding Law Schools)  |d vLex Global (Academic Edition, Law Schools) 
650 0 4 |a Ciencias sociales  |x Publicaciones perid̤icas 
650 0 4 |a Humanities 
650 0 4 |a Philosophy and religion 
650 0 4 |a Political science 
650 0 4 |a Social Sciences & Education 
740 0 |a vLex Revista (Servicios en ln̕ea) 
843 |a Electrn̤ica. Abierta 
853 |8 1  |i (year)  |j (month)  |k (day) 
856 4 0 |u http://vlex.com/source/2944  |z Acceso restringido 
942 |c REV 
999 0 |a Social history  |v Periodicals 
999 0 |a Social sciences  |v Periodicals